LEADER 01267nam a2200349 i 4500 001 991002156779707536 005 20020508191431.0 008 010216s|||| uk ||| | eng 020 $a0674995872 035 $ab10967606-39ule_inst 035 $aPARLA156360$9ExL 040 $aDip.to Scienze dell'Antichità$bita 041 1 $aeng$agrc$hgrc 100 0 $aAristophanes$0602827 240 10$aAves$917210 240 10$aLysistrata$92967076 240 10$aThesmophoriazusae$93008508 245 10$aBirds; Lysisitrata ; Women at the Thesmophoria /$cAristophanes ; edited and translated by Jeffrey Henderson 260 $aCambridge, Mass. ; London :$bHarvard University Press,$c2000 300 $a618 p. ;$c17 cm 440 4$aThe Loeb classical library [Autori greci] ;$v179 490 0 $aAristophanes ;$v3 500 $aTesto greco a fronte 700 1 $aHenderson, Jeffrey 907 $a.b10967606$b23-02-17$c28-06-02 912 $a991002156779707536 945 $aLE007 LOEB Aristophanes 03$g1$i2015000051066$lle007$o-$pE0.00$q-$rn$so $t0$u0$v0$w0$x0$y.i1107789x$z28-06-02 996 $aThesmophoriazusae$93008508 996 $aLysistrata$92967076 996 $aAves$917210 997 $aUNISALENTO 998 $ale007$b01-01-01$cm$da $e-$feng$guk $h0$i1